Pengurusan masa berkesan hebat / (Record no. 3350)

000 -LEADER
fixed length control field nam a22 a 4500
003 - CONTROL NUMBER IDENTIFIER
control field AKMAL
005 - DATE AND TIME OF LATEST TRANSACTION
control field 20170522121024.0
008 - FIXED-LENGTH DATA ELEMENTS--GENERAL INFORMATION
fixed length control field 170522s1994 my a00 may d
020 ## - INTERNATIONAL STANDARD BOOK NUMBER
International Standard Book Number 9836240187 (kkt.):
Terms of availability RM 35.00
040 ## - CATALOGING SOURCE
Original cataloging agency AKMAL
082 04 - DEWEY DECIMAL CLASSIFICATION NUMBER
Classification number 658.4093 BRO
Edition number 22
090 00 - LOCALLY ASSIGNED LC-TYPE CALL NUMBER (OCLC); LOCAL CALL NUMBER (RLIN)
Classification number (OCLC) (R) ; Classification number, CALL (RLIN) (NR) 658.4093
Local cutter number (OCLC) ; Book number/undivided call number, CALL (RLIN) BRO
100 1# - MAIN ENTRY--PERSONAL NAME
Personal name Brooks, William T.
9 (RLIN) 6790
245 10 - TITLE STATEMENT
Title Pengurusan masa berkesan hebat /
Statement of responsibility, etc. William T. Brooks, Terry W. Mullins ; penterjemah Norlida Abd. Halim, Jurina Pieei
260 ## - PUBLICATION, DISTRIBUTION, ETC.
Place of publication, distribution, etc. Kuala Lumpur :
Name of publisher, distributor, etc. Dewan Bahasa dan Pustaka,
Date of publication, distribution, etc. 1994
300 ## - PHYSICAL DESCRIPTION
Extent xii, 187ms. ;
Dimensions 23cm
500 ## - GENERAL NOTE
General note Mengandungi indeks
500 ## - GENERAL NOTE
General note Terjemahan dari : High impact time management.- Englewood Cliffs., New Jersey : Prentice Hall, 1989
650 ## - SUBJECT ADDED ENTRY--TOPICAL TERM
Topical term or geographic name entry element Time management
9 (RLIN) 1213
700 1# - ADDED ENTRY--PERSONAL NAME
Personal name Mullins, Terry W.
Fuller form of name (Wayne)
9 (RLIN) 6791
700 0# - ADDED ENTRY--PERSONAL NAME
Personal name Jurina Pieei
9 (RLIN) 95
700 0# - ADDED ENTRY--PERSONAL NAME
Personal name Norlida Abdul Halim
9 (RLIN) 3642
942 ## - ADDED ENTRY ELEMENTS (KOHA)
Source of classification or shelving scheme
Koha item type Book
Holdings
Withdrawn status Lost status Source of classification or shelving scheme Damaged status Not for loan Collection code Home library Current library Shelving location Date acquired Inventory number Total Checkouts Full call number Barcode Date last seen Price effective from Koha item type
          NON-FICTION AKMAL Melaka AKMAL Melaka PINJAMAN 22.05.2017 601468   658.4093 BRO 201704339 22.05.2017 22.05.2017 Book
Pusat Sumber Maklumat Dato' Haji Sarmin Md Hussin, Akademi Kastam Diraja Malaysia, Melaka
Tel: 06-2331106 | Faks: 06-2313787